Statistics for Pokémon used by Hoenn Gym Leaders

Click here to take the quiz!

General Stats

  • This quiz has been taken 255 times
    (230 since last reset)
  • The average score is 51 of 81

Answer Stats

HintAnswer% Correct
Roxanne RBNosepass
98%
Roxanne RBGeodude
96%
Norman RBSlaking
92%
Norman RBVigoroth
91%
Winona RBAltaria
90%
Tate and Liza RBLunatone
90%
Brawly RBMakuhita
90%
Tate and Liza RBSolrock
90%
Wattson RBMagneton
89%
Flannery RBTorkoal
89%
Wattson EElectrike
87%
Wattson RBMagnemite
87%
Brawly RBMachop
85%
Flannery ECamerupt
84%
Wattson EManectric
84%
Wattson RBVoltorb
84%
Flannery ENumel
83%
Flannery RBSlugma
83%
Winona RBSwellow
83%
Roxanne EGolem
82%
Wallace RBMilotic
82%
Brawly EMeditite
81%
Flannery EMagcargo
80%
Brawly EHariyama
79%
Winona RBPelipper
79%
Wallace RBLuvdisc
77%
Juan ELuvdisc
77%
Winona RBSkarmory
77%
Brawly EMachamp
76%
Wattson EElectrode
75%
Brawly EMedicham
75%
Norman ELinoone
73%
Wattson ERaichu
70%
Winona ETropius
69%
Tate and Liza EXatu
69%
Winona ESwablu
67%
Norman ESpinda
66%
Juan EWhiscash
65%
Wallace RBWhiscash
65%
Brawly EHitmonchan
64%
Brawly EHitmonlee
64%
Brawly EHitmontop
64%
Wattson EPikachu
63%
Juan ESealeo
63%
Wallace RBSealeo
63%
Juan EWalrein
62%
Tate and Liza EClaydol
61%
Flannery EArcanine
60%
Flannery ERapidash
59%
Wattson EAmpharos
58%
Juan EKingdra
58%
Wattson EElectabuzz
55%
Flannery EPonyta
55%
Roxanne EKabutops
54%
Flannery EGrowlithe
53%
Roxanne EAerodactyl
52%
Wallace RBSeaking
52%
Flannery EHoundoom
50%
Winona ENoctowl
50%
Juan ECrawdaunt
47%
Tate and Liza EHypno
47%
Wattson EFlaaffy
45%
Wattson EMareep
44%
Roxanne ESteelix
44%
Norman ETauros
42%
Flannery EHoundour
41%
Roxanne EOmanyte
38%
Winona EHoothoot
36%
Tate and Liza ESlowking
36%
Tate and Liza EDrowzee
35%
Norman EBlissey
34%
Norman EKangaskhan
33%
Norman EChansey
32%
Juan ELapras
31%
Winona EDragonite
27%
Tate and Liza ESlowpoke
26%
Winona EDragonair
22%
Juan EPolitoed
22%
Winona EDratini
20%
Juan EPoliwhirl
20%
Juan EPoliwag
18%

Score Distribution

Percentile by Number Answered

Percent of People with Each Score

Your Score History

You have not taken this quiz since the last reset